00533pam a2200157 a 4500020000500000041000500005082001300010100002000023245008800043250001000131260003600141300001600177930000900193999001900202952015400221 c h a750bHOS aRanjit Hoskate. aThe Art of : Jehangir SabavalabThe Art of : Jehangir SabavalahTextual Documents a2005. a[s.l]:bEminence Designs Bombay a224:bHard. a3361 c237151d237151 001040708Text BooksaFAPbFAPd2007-05-24eBhararti Sahakari Grahak Bhandarg1726.00l0o750 HOSpFAP-3361r2023-03-07 00:00:00t1w2023-03-07yBK